01187pab a2200157 454500008004000000100002000040245008600060260000900146300001500155362000800170520077300178650001400951650001800965650001500983773003100998180718b2012 xxu||||| |||| 00| 0 eng d aMatheson, Craig aThe motivation of public sector employees: An outline of six orientations to work c2012 ap.207-237. aMar aThis article argues that psychological factors determine the content of people's work motivations but that social factors determine their relative importance. The author identified six universal human needs and corresponding rewards, orientations to work, organizational control methods, and types of involvement. The author used data from a public sector organization to illustrate these orientations. He used Randall Collins's ritual interaction theory and Etzioni's compliance theory to explain why ritual, utilitarian, and intrinsic rewards yield moral, calculative, and intrinsic forms of involvement. He concludes that motivation varies more in accordance with hierarchical rank, control methods, and occupation than it does with sectoral location. - Reproduced. aEmployees aPublic sector aMotivation aAdministration and Society